000 01651nam0a2200325 4500
001 RU\NLR\bibl\1413577
005 20260408075718.0
010 _a978-5-204-01922-7
_9300
021 _aRU
_b2009-54955
_93387
035 _a(nilc)RSL-KNO-004352757
035 _a(NLR Aleph) 001405550
090 _a1249638
_c1249638
100 _a20090709d2008 |||y0rusy50 ca
101 0 _arus
102 _aRU
105 _aa zzzz|||||
200 1 _aЛучший опыт реализации программ развития сети образовательных учреждений Московской области
_eсборник статей
_fМ-во образования Московской обл., Акад. социального упр., [Областная целевая программа "Развитие образования в Московской области на период 2006-2010 гг."
_gсост. Косарецкий С. Г.]
210 _aМосква
_cАСОУ
_d2008
215 _a42, [2] с.
_cил.
_d21
606 1 _aОбразование
_jСборники
_xМодернизация
_yМосковская область
_92568093
_3RU\NLR\auth\661518768
686 _aЧ424(2Р-4Мо)7я43
_2rubbk
686 _aЧ34(2Р-4Мо)я43
702 1 _aКосарецкий
_bС. Г.
_gСергей Геннадьевич
_4220
712 0 2 _4570
_aАкадемия социального управления
_cМосква
_3RU\NLR\AUTH\8810080266
_9662663
801 0 _aRU
_bРКП
_c20090709
_grcr
801 1 _aRU
_bРГБ
_c20090709
801 2 _aRU
_bNLR
_c20090917
_grcr
942 _cBOOK
980 _aNB